| 000 | 00373nam a2200157Ia 4500 | ||
|---|---|---|---|
| 008 | 230711s9999||||xx |||||||||||||| ||und|| | ||
| 041 | _aENG | ||
| 082 |
_a720 _bPF-F |
||
| 100 | _aPfeiffer,Bruce Brooks | ||
| 245 | 0 | _aFrank lloyd wright | |
| 250 | _a1st . Ed. | ||
| 260 |
_c2000 _aNew York _bJohn Wiley & Sons.Inc |
||
| 300 | _a175 | ||
| 650 | _aArchitecture | ||
| 942 | _cBK | ||
| 999 |
_c4939 _d4939 |
||